| 000 | 00553nam a22001817a 4500 | ||
|---|---|---|---|
| 999 |
_c187553 _d187553 |
||
| 005 | 20220422151913.0 | ||
| 010 | _aENG-132357 | ||
| 020 |
_a9789351952411 _c299.00 |
||
| 035 | _aEN-115889 | ||
| 037 | _bDBAD/PUB | ||
| 082 |
_aS _b1 |
||
| 100 | _aPaldano , Cordis | ||
| 245 |
_aThe Dwarf The GIrl and The Holy Goat: _cCardis Paldano |
||
| 260 |
_aGurugram _bHachette Book Publishing PVT.LTD. _c2018 |
||
| 270 |
_a4th & 5th Floors , Corporate Center plot no. 94 ,Sector 44 _bGurugram _e122003 |
||
| 300 |
_a159p. _c20cm(pbk) |
||
| 942 |
_2ddc _cEN _hS _mPAL |
||